• 首页
  • 本馆介绍
  • 公告通知
  • 最新文献
  • 馆藏检索
  • 电子资源
  • 读者导购
  • 参考咨询
  • 我的图书馆
  • 登录
  • 详细信息显示
  • 放入我的书架
  • 预约/预借图书
  • 作者相关作品
  • 分类相关作品
  • 丛书相关作品
  • 出版社相关作品

书目信息

  • 表格格式
  • 工作单格式
  • 卡片格式
题名:
艺术知识通
    
 
作者: 郭锞 主编
分册:  
出版信息: 北京   北京工业大学出版社  2009
页数: 259页
开本: 24cm
丛书名: 青年知识通丛书
单 册:
中图分类: J-49
科图分类:
主题词: 艺术--青年读物 , 艺术
电子资源:
ISBN: 978-7-5639-2080-8
000 00842oam2 2200265 45
001 1138466688
005 20110419104042.15
010    @a978-7-5639-2080-8@dCNY38.00
100    @a20110411d2009 em y0chiy0121 ea
101 0  @achi
102    @aCN@b110000
105    @aa z 000yy
106    @ar
200 1  @a艺术知识通@AYi Shu Zhi Shi Tong@f郭锞主编@FGuo Ke Zhu Bian
210    @a北京@c北京工业大学出版社@d2009
215    @a259页@c彩图@d24cm
225 2  @a青年知识通丛书
330    @a本书共分音乐、美术、雕塑、书法、曲艺、戏曲、影视、摄影等几个部分, 既全方位地展现古今中外各种艺术的精华, 又多角度地介绍了世界艺术的发展脉络。
461  0 @12001 @a青年知识通丛书
606 0  @a艺术@j青年读物
606 0  @a艺术
690    @aJ-49@v4
701  0 @a郭锞@AGuo Ke@4主编
801  0 @aCN@bTANGWEI@c20110419
905    @b0535946-48@dJ-49@e38@f3
    
    艺术知识通/郭锞主编.-北京:北京工业大学出版社,2009
    259页:彩图;24cm.-(青年知识通丛书)
    
    
    ISBN 978-7-5639-2080-8:CNY38.00
    本书共分音乐、美术、雕塑、书法、曲艺、戏曲、影视、摄影等几个部分, 既全方位地展现古今中外各种艺术的精华, 又多角度地介绍了世界艺术的发展脉络。
●
相关链接 在E读中查询图书 在五车中查询图书 在当当中查询图书 在豆瓣中查询图书


正题名:艺术知识通     索取号:J-49/38         预约/预借

序号 登录号 条形码 馆藏地/架位号 状态 备注
1 0535946   205359468   第一样本阅览室/ [索取号:J-49/38] 在馆    
2 0535947   205359477   第一借阅区/ [索取号:J-49/38] 在馆    
3 0535948   205359486   第一借阅区/ [索取号:J-49/38] 在馆    
唐山师范学院图书馆 欢迎您!
大连网信软件有限公司© 版权所有